|
|
|
|
| LEADER |
01174nam a22002777a 4500 |
| 001 |
29829 |
| 003 |
BD-DhAAL |
| 005 |
20250623101657.0 |
| 008 |
171127t2013 bg a|||| |||| 00| 0 eng d |
| 040 |
|
|
|a BD-DhAAL
|d BD-DhAAL
|
| 082 |
|
|
|a 333.7615095492
|2 19
|
| 245 |
|
|
|a Local level hazard maps for flood, storm sugar and salinity :
|b study report /
|c edited by Sanjib Kumar Saha, Mirza shawkat Ali, and Shaila Shahid.
|
| 260 |
|
|
|a Dhaka :
|b Comprehensive Disaster Management Programee (CDMPII),
|c c2013.
|
| 300 |
|
|
|a vi, 103 pages :
|b illustrations ;
|c 28 cm.
|
| 526 |
|
|
|a AAL
|
| 541 |
|
|
|a Complementary copy
|e 29829
|
| 650 |
|
|
|a Floods
|x Statistics
|z Bangladesh.
|9 24039
|
| 700 |
|
|
|a Saha, Sanjib Kumar.
|9 24273
|
| 700 |
|
|
|a Ali, Mirza Shawkat.
|9 24274
|
| 700 |
|
|
|a Shahid, Shaila.
|9 24275
|
| 710 |
|
|
|a Comprehensive Disaster Management Programme (CDMP II).
|9 24028
|
| 710 |
|
|
|a Ministry of Disaster Management and Relief.
|9 24029
|
| 852 |
|
|
|a Ayesha Abed Library
|c General Stacks
|
| 942 |
|
|
|2 ddc
|c BK
|
| 999 |
|
|
|c 38636
|d 38636
|
| 952 |
|
|
|0 0
|1 0
|2 ddc
|4 0
|6 333_761509549200000_LOC
|7 0
|9 61999
|a BRACUL
|b BRACUL
|d 2017-11-27
|l 0
|o 333.7615095492 LOC
|p 3010029829
|r 2017-11-27
|t 1
|w 2017-11-27
|y BK
|